000 00298nam a2200121Ia 4500
008 190216s9999||||xx |||||||||||||| ||und||
100 _aDavid J Griffiths
245 0 _aIntroduction To Electrodynamics
260 _bPentice Hall Of India
_c1989
300 _a532p
650 _aPhysics
942 _cBK
999 _c33400
_d33400